|
|
|
|
| LEADER |
00000naa2a2200000 4500 |
| 001 |
592712 |
| 005 |
20231101131725.0 |
| 035 |
|
|
|a (RuTPU)RU\TPU\tpu\5168
|
| 090 |
|
|
|a 592712
|
| 100 |
|
|
|a 20011210a1960 k y0rusy50 ca
|
| 101 |
0 |
|
|a rus
|
| 102 |
|
|
|a RU
|
| 200 |
1 |
|
|a Некоторые вопросы распространения электромагнитных волн в изогнутых волноводах, нагруженных периодическими структурами
|f Б. Н. Морозов
|
| 320 |
|
|
|a Библиогр.: 10 назв.
|
| 461 |
|
1 |
|0 (RuTPU)RU\TPU\prd\184
|x 0021-3470
|t Известия вузов. Радиотехника
|f Министерство высшего образования СССР
|d 1958-1966
|
| 463 |
|
1 |
|0 (RuTPU)RU\TPU\prd\100127
|t Т. 3, № 3
|v С. 493-500
|d 1960
|
| 610 |
1 |
|
|a физика
|
| 610 |
1 |
|
|a изогнутые волноводы
|
| 610 |
1 |
|
|a электромагнитные волны
|
| 610 |
1 |
|
|a распространение волн
|
| 610 |
1 |
|
|a периодические структуры
|
| 610 |
1 |
|
|a труды учёных ТПУ
|
| 700 |
|
1 |
|a Морозов
|b Б. Н.
|
| 801 |
|
0 |
|a RU
|b 63413507
|c 20011210
|g PSBO
|
| 801 |
|
2 |
|a RU
|b 63413507
|c 20221125
|g PSBO
|
| 942 |
|
|
|c BK
|